000 00374nam a2200145Ia 4500
008 230917s9999||||xx |||||||||||||| ||und||
040 _e200788
_aMAIN
041 _aEnglish
082 _a294.12 V823R
100 _aBheemdev
245 0 _aRgveda-pathanukramnika
260 _aHoshiarpur
_bVishveshvaranand Vedic Research Institute
_c1966
300 _a668 p.
942 _cBK
999 _c184540
_d184540